000 01112 a2200241 4500
001 14677
005 20260407155448.0
008 260407a2006 arg spa d
003 AR-UNSa-BCEJYS
040 _aAR-UNSa-BCEJYS
_bspa
_cAR-UNSa-BCEJYS
080 _a330.567.28
_xEconomía y Finanzas de los particulares
245 1 0 _aThe economic organization of the household
020 _a978-0-521-80527-8
250 _a2a. ed.
264 1 _aCambridge :
_bCambridge University Press
_c2006
300 _axv, 336 p.
_c23 cm.
505 _a1. Introduction - 2. Household equilibrium - 3. The analysis of consumer demand - 4. Consumption and saving - 5. Work and Leisure: How the Household spends Its time - 6. Human capital: investing in oneself and One´s family - 7. The economics of fertility - 8. The economics of Marriage and divorce
942 _cBK
590 _aniveau_biblio:m niveau_hierar:0
100 1 _aBryant, W. Keith
700 1 _aZick, Cathleen D.
856 4 1 _uhttps://biblioeco.unsa.edu.ar/pmb/images/libros/The economic organization of the household-l118960.jpg
_yImagen de portada
_qimage/jpeg
999 _c604
_d604